000 00320nam a2200133Ia 4500
008 191201s2011 xx 000 0 und d
082 _a530
_bGAB
100 _aGAUR, RK
245 0 _aBasic Applied physics
250 _aRep
260 _c2011
_bDhanpat Rai Pubns (P) Ltd
_aNEW DELHI
300 _a613
942 _2ddc
_cBK
_01
999 _c8061
_d8061